Missing Middle Names Quiz Stats

 Plays Quiz Updated May 17, 2018

Challenge
Share
Tweet
Embed
Score 0/30 Timer 03:00
1 Play Today
First Name Middle Name % Correct
JamieLee
95.5%
JenniferLove
93.8%
BillyRay
93.5%
SarahJessica
92.8%
AlexanderGraham
90.6%
NeilPatrick
88.4%
LeeHarvey
87.3%
JohnWilkes
86%
MaryTyler
83.8%
SarahMichelle
82.4%
JamesEarl
81.3%
MartinLuther
78.2%
HansChristian
77%
FrankLloyd
74.5%
FrancisScott
74.2%
First Name Middle Name % Correct
BillieJean
72.5%
PhilipSeymour
69.8%
RobertLouis
68.2%
JonathanTaylor
61.4%
SallyJessy
59.9%
SeannWilliam
56.6%
TiffaniAmber
55.1%
LouDiamond
52.9%
DavidAlan
51.8%
EdwardJames
50.3%
DavidHyde
49.1%
BillyDee
46.6%
MarkDavid
44%
CharlesNelson
32.1%
MaryChapin
29.9%

You're not logged in!

Compare scores with friends on all Sporcle quizzes.
Join for Free
OR
Log In

You Might Also Like...

Show Comments

Extras

Top Quizzes Today


Score Distribution

Your Account Isn't Verified!

In order to create a playlist on Sporcle, you need to verify the email address you used during registration. Go to your Sporcle Settings to finish the process.

Report this User

Report this user for behavior that violates our Community Guidelines.

Details: